000 00620nam a2200229Ia 4500
003 OSt
005 20220928101622.0
006 a|||||r|||| 00| 0
007 ta
008 220927b |||||||| |||| 00| 0 eng d
024 _a39639
037 _cReference Collections
040 _aSDCL
_cSDCL
_beng
041 _2eng
_aeng
082 _aY:1.2k, P3 RR
100 _aSharma Leeladhar
_9392685
245 0 _aBhartiya sanskriti kosh.
260 _aDelhi
_bRajpal
_c2003
300 _a1036p
_ccm.
942 _hY:1.2k, P3 RR
_cREF
_2CC
999 _c708399
_d708399